00269nam a2200109Ia 4500008004100000082001000041100002000051245002300071260001900094630002300113730002300136100328s9999 xx 000 0 und d b71664 aHariharan Githa aWhen Dreams Travel bPenguin Books. aWhen Dreams Travel aWhen Dreams Travel